Central Library, Doon University
WEBOPAC (ONLINE PUBLIC ACCESS CATALOGUE)

Principles of Microeconomics (Record no. 60024)

MARC details
000 -LEADER
fixed length control field 00488nam a22001817a 4500
005 - DATE & TIME
control field 20260121122129.0
008 - FIXED-LENGTH DATA ELEMENTS--GENERAL INFORMATION
fixed length control field 260121b |||||||| |||| 00| 0 eng d
020 ## - ISBN
International Standard Book Number 9789352837311
Price 595.00
040 ## - CATALOGING SOURCE
Original cataloging agency Doon University
041 ## - Language
Language English
082 ## - DDC NUMBER
Classification number 338.5
Book Number AHU
100 ## - MAIN ENTRY--PERSONAL NAME
Personal name Ahuja, H. L.
245 ## - TITLE STATEMENT
Title Principles of Microeconomics
Sub Title : A New Look Textbook of Microeconomics Theory
260 ## - PUBLICATION, DISTRIBUTION, ETC. (IMPRINT)
Place of publication, distribution, etc New Delhi
Name of publisher, distributor, etc S. Chand
Date of publication, distribution, etc 2026
300 ## - PHYSICAL DESCRIPTION
Pages 850
650 ## - Subject
Subject Economics
942 ## - ADDED ENTRY ELEMENTS (KOHA)
Koha item type Books
100 ## - MAIN ENTRY--PERSONAL NAME
-- 300
650 ## - Subject
-- 79
952 ## - LOCATION AND ITEM INFORMATION (KOHA)
-- 2026-01-21
952 ## - LOCATION AND ITEM INFORMATION (KOHA)
-- 2026-05-05
-- 2026-01-21
952 ## - LOCATION AND ITEM INFORMATION (KOHA)
-- 2026-05-04
-- 2026-01-21
952 ## - LOCATION AND ITEM INFORMATION (KOHA)
-- 2026-05-05
-- 2026-01-21
952 ## - LOCATION AND ITEM INFORMATION (KOHA)
-- 2026-05-18
-- 2026-01-21
Holdings
Withdrawn status Lost status Source of classification or shelving scheme Damaged status Not for loan Location (home branch) Sublocation or collection (holding branch) Date acquired Koha full call number Accession No. Koha date last seen Koha item type Koha issues (times borrowed)
        Not For Loan Doon University Doon University 21.01.2026 338.5 AHU 51509 21.01.2026 Reference  
          Doon University Doon University 21.01.2026 338.5 AHU 51510 18.05.2026 Books 1
          Doon University Doon University 21.01.2026 338.5 AHU 51511 13.05.2026 Books 1
          Doon University Doon University 21.01.2026 338.5 AHU 51512 18.05.2026 Books 1
          Doon University Doon University 21.01.2026 338.5 AHU 51513 25.05.2026 Books 1
Contact : +91-135-2533126 (Library),+91-135-2533105 (Admin Office) , Email : doonlibrary@gmail.com

Powered by Koha